Thi Ca Nết Đất - 25 Gương Mặt Nhà Thơ Việt Nam Hiện Đại
Wedi'i Gadw mewn:
| Prif Awdur: | |
|---|---|
| Fformat: | Llyfr |
| Iaith: | Vietnamese |
| Cyhoeddwyd: |
TĐA
2011
|
| Tagiau: |
Ychwanegu Tag
Dim Tagiau, Byddwch y cyntaf i dagio'r cofnod hwn!
|
| Thư viện lưu trữ: | Mạng thư viện Đại học Đà Nẵng |
|---|
| LEADER | 00654nam a2200277 4500 | ||
|---|---|---|---|
| 001 | 000026220 | ||
| 003 | 216 | ||
| 005 | 20150204120000.0 | ||
| 008 | 150204s vm 000 vie | ||
| 020 | |c 39000,0000 | ||
| 040 | |a D1 | ||
| 100 | |a Lê thiếu nhơn | ||
| 245 | |a Thi Ca Nết Đất - 25 Gương Mặt Nhà Thơ Việt Nam Hiện Đại | ||
| 260 | |b TĐA |c 2011 | ||
| 300 | |a 177tr. ; | ||
| OWN | |a LTT | ||
| 999 | |a From the UDN01 | ||
| TYP | |a Monograph | ||
| TYP | |a Printed language | ||
| 980 | |a Mạng thư viện Đại học Đà Nẵng | ||